| 000 | 00635nam a22001937a 4500 | ||
|---|---|---|---|
| 999 |
_c6198 _d6198 |
||
| 003 | AR-CdUCM | ||
| 008 | 190313b ||||| |||| 00| 0 esp d | ||
| 040 |
_aMUNICIPALIDAD PROVINCIAL DEL CUSCO _cBIBLIOTECA MUNICIPAL DEL CUSCO |
||
| 082 |
_a869.624 / _bP33 |
||
| 100 |
_aPazos, Barrera Julio _917886 |
||
| 245 |
_aLevantamiento del país con textos libres / _cJulio Pazos Barrera |
||
| 260 |
_aLa Habana : _bCasa de las américas, _c1982. |
||
| 300 |
_a91 paginas ; _c19 cm. |
||
| 500 | _a"Premio Casa de las Américas, 1982" | ||
| 650 |
_aPoesías ecuatorianas _9346 |
||
| 650 |
_aSiglo XX _98 |
||
| 942 |
_2ddc _cLIBROS |
||
| 945 | _aacrt | ||